| 000 | 00771nam a22001817a 4500 | ||
|---|---|---|---|
| 008 | 160430b xxu||||| |||| 00| 0 eng d | ||
| 020 | _a978-971-550-567-3 | ||
| 082 |
_22008 _aDFil 959.90402222 _bM89 |
||
| 100 |
_97080 _aMuijzenberg, Otto van den |
||
| 245 |
_aThe Philippines through European lenses: _blate 19th century photographs from the Meerkamp van Embden collection/ _cOtto van den Muijzenberg. |
||
| 260 |
_aQuezon City: _bAteneo De Manila University Press, _cc2008. |
||
| 300 |
_ax, 357pages: _billustrations; _c23 cm. |
||
| 500 | _aIncludes bibliographical references. | ||
| 650 | 0 |
_97084 _aMeerkamp van Embden, P.K.A. _xPhotograph collections |
|
| 650 | 0 |
_97085 _aPhilippines _xHistory _x19th century _xPictorial works |
|
| 365 |
_b720.00 _cPhp |
||
| 942 |
_2ddc _cDFIL |
||
| 999 |
_c2173 _d2173 |
||